Catálogo

MEXICO 1991 : (Registro nro. 58780)

Detalles MARC
000 -LEADER
fixed length control field 00661nam a2200193 a 4500
001 - CONTROL NUMBER
control field 58780
005 - DATE AND TIME OF LATEST TRANSACTION
control field 20180714055520.0
008 - FIXED-LENGTH DATA ELEMENTS--GENERAL INFORMATION
fixed length control field 140415s2012 mx 000 0 spa d
020 ## - INTERNATIONAL STANDARD BOOK NUMBER
International Standard Book Number 9786078234011
041 ## - LANGUAGE CODE
Language code of text/sound track or separate title spa
082 ## - DEWEY DECIMAL CLASSIFICATION NUMBER
Classification number 262.91
Item number JIM
100 1# - MAIN ENTRY--PERSONAL NAME
Personal name JIMENEZ MARTIN DEL CAMPO, ALEJANDRO
245 10 - TITLE STATEMENT
Title MEXICO 1991 :
Remainder of title VIGENCIA Y NECESIDAD DE LA DOCTRINA SOCIAL CRISTIANA
250 ## - EDITION STATEMENT
Edition statement 2a ed.
260 ## - PUBLICATION, DISTRIBUTION, ETC.
Place of publication, distribution, etc. MEXICO :
Name of publisher, distributor, etc. IMDOSOC,
Date of publication, distribution, etc. 2012
300 ## - PHYSICAL DESCRIPTION
Extent 41
Dimensions x 21.5
490 ## - SERIES STATEMENT
Series statement COL. ARCHIVO MOTOLINIA
650 14 - SUBJECT ADDED ENTRY--TOPICAL TERM
Topical term or geographic name entry element LIBERTAD RELIGIOSA
General subdivision RELIGION Y SOCIOLOGIA
-- RELIGION
-- HISTORIA
-- MEXICO
-- IGLESIA Y PROBLEMAS SOCIALES MEXICO HISTORIA SIGLO XX
Existencias
Withdrawn status Lost status Source of classification or shelving scheme Damaged status Not for loan Collection code Home library Current library Shelving location Date acquired Source of acquisition Inventory number Total Checkouts Full call number Barcode Date last seen Price effective from Koha item type
    Dewey Decimal Classification   Consulta en sala Archivo Motolinia Biblioteca Karol Wojtyla Biblioteca Karol Wojtyla Sala "Colecciones Especiales" 03/12/2013 Compra 151000000000000000082422   262.91 JIM 88950 05/01/2026 03/12/2013 Libro